000 00481 a2200169 4500
003 OSt
005 20230825144008.0
008 230825b |||||||| |||| 00| 0 eng d
020 _a9788130917672
040 _coclc
082 _a658.3
_bRIL/O
100 _aRiley, Pippa
_99354
245 _aORGANISATIONS AND BEHAVIOUR /
_cPippa Riley
260 _aNew Delhi:
_bViva books,
_c2011.
300 _a274 pages
942 _2ddc
_cBK
_h658.3
_iRIL/O
_k658.3
_mRIL/O
999 _c41984
_d41984